<?xml version="1.0" encoding="UTF-8"?>
<record
    xmlns:xsi="http://www.w3.org/2001/XMLSchema-instance"
    xsi:schemaLocation="http://www.loc.gov/MARC21/slim http://www.loc.gov/standards/marcxml/schema/MARC21slim.xsd"
    xmlns="http://www.loc.gov/MARC21/slim">

  <leader>00979nam a22002417a 4500</leader>
  <datafield tag="999" ind1=" " ind2=" ">
    <subfield code="c">22130</subfield>
    <subfield code="d">22130</subfield>
  </datafield>
  <controlfield tag="003">AR-CdUCM</controlfield>
  <controlfield tag="008">190425b           ||||| |||| 00| 0 spa d</controlfield>
  <datafield tag="040" ind1=" " ind2=" ">
    <subfield code="a">MUNICIPALIDAD PROVINCIAL DEL CUSCO</subfield>
    <subfield code="c">BIBLIOTECA MUNICIPAL DEL CUSCO</subfield>
  </datafield>
  <datafield tag="082" ind1=" " ind2=" ">
    <subfield code="a">Senda/N&#xB0;1/1969</subfield>
  </datafield>
  <datafield tag="245" ind1=" " ind2=" ">
    <subfield code="a">Senda :</subfield>
    <subfield code="b">revista cultural /</subfield>
    <subfield code="c">Guillermo Zarate V, Director</subfield>
  </datafield>
  <datafield tag="260" ind1=" " ind2=" ">
    <subfield code="a">Cusco.</subfield>
    <subfield code="b">Don Jaque,</subfield>
    <subfield code="c">1969.</subfield>
  </datafield>
  <datafield tag="300" ind1=" " ind2=" ">
    <subfield code="a">18 hojas. :</subfield>
    <subfield code="c">32 cm.</subfield>
  </datafield>
  <datafield tag="440" ind1=" " ind2=" ">
    <subfield code="a">Senda.</subfield>
    <subfield code="n">N&#xB0;1, agosto 1969.</subfield>
    <subfield code="9">47504</subfield>
  </datafield>
  <datafield tag="505" ind1=" " ind2=" ">
    <subfield code="a">Contenido: El lenguaje en la era espacial.-- La novel&#xED;stica actual en Latinoam&#xE9;rica. -- Teatro i educaci&#xF3;n. -- El Bohemio. -- &#xBF;A donde vamos? -- Tres regalos para el Cusco. -- Humorismo gr&#xE1;fico. ...</subfield>
  </datafield>
  <datafield tag="650" ind1=" " ind2=" ">
    <subfield code="a">Educacion</subfield>
    <subfield code="9">460</subfield>
  </datafield>
  <datafield tag="650" ind1=" " ind2=" ">
    <subfield code="a">Literatura cusque&#xF1;a</subfield>
    <subfield code="9">47505</subfield>
  </datafield>
  <datafield tag="650" ind1=" " ind2=" ">
    <subfield code="a">Pedagog&#xED;a</subfield>
    <subfield code="9">1560</subfield>
  </datafield>
  <datafield tag="700" ind1=" " ind2=" ">
    <subfield code="a">Guti&#xE9;rrez Samanez, Tania</subfield>
    <subfield code="9">46829</subfield>
  </datafield>
  <datafield tag="700" ind1=" " ind2=" ">
    <subfield code="a">Samanez Fl&#xF3;rez, David</subfield>
    <subfield code="9">7413</subfield>
  </datafield>
  <datafield tag="710" ind1=" " ind2=" ">
    <subfield code="a">Colegio de Aplicaci&#xF3;n Fortunato L. Herrera</subfield>
    <subfield code="9">47506</subfield>
  </datafield>
  <datafield tag="942" ind1=" " ind2=" ">
    <subfield code="2">ddc</subfield>
    <subfield code="c">PP</subfield>
  </datafield>
  <datafield tag="945" ind1=" " ind2=" ">
    <subfield code="a">vhl</subfield>
  </datafield>
  <datafield tag="952" ind1=" " ind2=" ">
    <subfield code="0">0</subfield>
    <subfield code="2">ddc</subfield>
    <subfield code="4">0</subfield>
    <subfield code="7">0</subfield>
    <subfield code="a">HEM</subfield>
    <subfield code="b">HEM</subfield>
    <subfield code="c">CART</subfield>
    <subfield code="d">2022-03-09</subfield>
    <subfield code="g">5.00</subfield>
    <subfield code="o">Senda/N&#xB0;1/1969</subfield>
    <subfield code="p">REVC000652</subfield>
    <subfield code="r">2022-03-09</subfield>
    <subfield code="y">PP</subfield>
  </datafield>
</record>
